| 000 | 02113nam1a2200289 i 4500 | ||
|---|---|---|---|
| 001 | RU\NLR\bibl\1324415 | ||
| 005 | 20260607055221.0 | ||
| 035 | _a(NLR Aleph) 001309734 | ||
| 090 |
_a671841 _c671841 |
||
| 100 | _a20090203g20079999u y0rusy50 ca | ||
| 101 | 0 | _arus | |
| 102 | _aRU | ||
| 105 | _a||||z ||||| | ||
| 200 | 1 |
_aНетрадиционные оздоровительные методики и технологии _eучебное пособие _eдля слушателей институтов и факультетов повышения квалификации, преподавателей, аспирантов и других профессионально-педагогических работников _e[для студентов, обучающихся по специальности 050720 Физическая культура] _fС. П. Миронов, Т. К. Хозяинова-Цегельник _gФедер. агентство по образованию, ГОУ ВПО "Рос. гос. проф.-пед. ун-т", Урал. отд-ние Рос. акад. образования, Акад. проф. образования |
|
| 210 |
_aЕкатеринбург _cРоссийский государственный профессионально-педагогический университет _d2007 |
||
| 215 | _d21 | ||
| 463 | 0 | _10011277197 | |
| 606 |
_aЗдоровье _jУчебные издания для последипломного образования _xВлияние нетрадиционной терапии _92435945 _3RU\NLR\auth\661449529 |
||
| 686 | _aР358.9я77 | ||
| 700 | 1 |
_aМиронова _bС. П. _gСветлана Петровна _4070 |
|
| 701 | 1 |
_4070 _7ca _8rus _aХозяинова-Цегельник _bТ. К. _gТатьяна Константиновна _935060 _3RU\NLR\auth\7752127 |
|
| 801 | 0 |
_aRU _bNLR _c20090203 _gRCR |
|
| 801 | 1 |
_aRU _bNLR _c20090203 |
|
| 852 |
_aNLR _j2008-4/15977 |
||
| 942 | _cBOOK | ||